Experimental rearing of nile tilapia fry (Oreochromis niloticus) for saltwater culture
Saved in:
| Main Author: | |
|---|---|
| Format: | Book |
| Language: | Undetermined |
| Published: |
Taiwan
Council for agricultural planning and development
1984
|
| Subjects: | |
| Tags: |
Add Tag
No Tags, Be the first to tag this record!
|
| Institutions: | Trung tâm Học liệu Trường Đại học Cần Thơ |
|---|
| LEADER | 00617nam a2200181Ia 4500 | ||
|---|---|---|---|
| 001 | CTU_150614 | ||
| 008 | 210402s9999 xx 000 0 und d | ||
| 082 | |a 639.3774 | ||
| 082 | |b W251 | ||
| 100 | |a Watanabe, Wade O. | ||
| 245 | 0 | |a Experimental rearing of nile tilapia fry (Oreochromis niloticus) for saltwater culture | |
| 245 | 0 | |c Wade O. Watanabe, Ching-Ming Kuo and Mei-Chan Huang | |
| 260 | |a Taiwan | ||
| 260 | |b Council for agricultural planning and development | ||
| 260 | |c 1984 | ||
| 650 | |a Fish culture,Nuôi cá | ||
| 904 | |i Trọng Hải | ||
| 980 | |a Trung tâm Học liệu Trường Đại học Cần Thơ | ||